[Event "ESP-chT CECLUB Honor"]
[Site "Melilla"]
[Date "2011.11.24"]
[Round "5"]
[White "Edouard, Romain"]
[Black "Delchev, Aleksander"]
[Result "1-0"]
[WhiteElo "2621"]
[BlackElo "2629"]
[Annotator "Edouard,R"]
[PlyCount "101"]
[EventDate "2011.11.21"]
[EventType "team-tourn"]
[EventRounds "7"]
[EventCountry "ESP"]
[SourceTitle "CBM 146"]
[Source "ChessBase"]
[SourceDate "2012.01.18"]
[SourceVersion "1"]
[SourceVersionDate "2012.01.18"]
[SourceQuality "1"]
[WhiteTeam "Sestao"]
[BlackTeam "Solvay"]
[WhiteTeamCountry "ESP"]
[BlackTeamCountry "ESP"]

1. d4 d5 2. Nf3 Nf6 3. c4 dxc4 4. e3 Bg4 5. Bxc4 e6 6. Nc3 (6. h3 Bh5 7. g4 Bg6
8. Ne5 {is the main line. My problem is that I never really checked it, so I
decided to be creative...}) 6... Nbd7 7. h3 Bh5 8. e4 Bb4 (8... e5 $2 9. dxe5
Bxf3 10. Bxf7+ $1 Kxf7 11. Qb3+ $16) 9. e5 Nd5 10. Bxd5 {A quite weird move,
from positional point of view, but calculation shows that Black cannot do
anything he wants.} (10. Bd2 {would be the normal move, and Black will have to
be careful in order to equalise completely.}) 10... exd5 11. O-O Nb6 $6 (11...
Bxc3 $1 12. bxc3 O-O 13. Qd3 Nb6 {was the option I completely underestimated.
Black is just fine, since his control of the light squares is enough to
equalise. Black is going to counter the f-pawn push with ...f5 at some point.})
(11... c6 12. Qb3 $1 {and Black has some small problems.}) 12. Qd3 (12. Qb3 $1
Be7 (12... Bxc3 13. Qxc3 $14) 13. Ne2 $1 {followed by Nf4, and White is able
to create more serious problems than in the game.}) 12... O-O (12... Be7 $5 {
(in order to avoid Bg5)} 13. Nh2 $5 Bg6 14. Qg3 O-O 15. f4 $36 {followed by
Qf3, and the arrival of one knight on e3.}) 13. Bg5 Be7 {A pleasant exchange
for White, in general.} (13... Qd7 {may appear more logical, but after} 14. Nh4
$1 {(idea g4) Black has some problems:} h6 15. Be3 f6 $5 16. g4 fxe5 (16... Be8
17. f4 $40) 17. dxe5 (17. gxh5 $2 Qxh3 $17) 17... Bf7 18. a3 $5 Bxc3 19. bxc3
$36 {followed by f4, while ...h5 will always be met by Nf3-g5.}) 14. Bxe7 Qxe7
15. a4 $5 c6 $5 (15... a5 16. Nd2 Bg6 17. Qe3 {followed by f4, b3, and somehow
I liked the fact that the moves a4-a5 have been included.} (17. Qb5 Qb4 $1 {
was missed by me in the game.})) ({Starting with} 15... Bg6 $5 {also makes
sense.}) 16. a5 Nd7 {Not such a natural move since the black knight will
always be under the threat of e6when Black moves his f-pawn. However, even
there Black is OK, which shows that my all plan based on 10.Bxd5 is wrong.} ({
I was however happy that my opponent didn't go for} 16... Bxf3 $5 17. axb6 (17.
Qxf3 Nc4 18. Qe2 Qb4 $132) 17... Be4 $8 18. Nxe4 dxe4 19. Qxe4 axb6 {after
what I have to go} 20. d5 cxd5 21. Qxd5 {with a very minimal advantage.}) (
16... Nc4 17. b3 Bg6 18. Qe2 Na3 19. Rfc1 Qb4 {was one idea, but after} 20. Qb2
$1 Nb5 21. Nxb5 Qxb5 22. Rc5 Qa6 (22... Qb4 $2 23. Ra4 $18) 23. b4 {Black is
in trouble.}) 17. Rae1 $5 (17. Rfe1 {keeps a safer queenside but prevents
White from playing f4-f5 in the future. So after} Rfe8 {Black is completely
fine.}) (17. Nd2 {is wrong due to} f6 $1 {and e6 is not possible.}) 17... Rfe8
$6 {Natural, making the f8-square free for the knight. But this is simply too
slow and now Black will start having serious problems.} (17... Bxf3 18. Qxf3
Qb4 {seems simple and good:} 19. Ne2 Qxa5 20. Qg4 f5 21. Qf3 {followed by Nf4,
with a decent but surely not better position. For some reason I thought 17...
Bxf3 can never be good - one more illusion.}) (17... f6 $2 18. e6 {and the
black knight will have to make a pilgrimage to the b8-square.}) 18. Nh2 $1 Bg6
{Otherwise f4-f5 comes by force.} 19. Qd2 Nf8 (19... f6 20. f4 fxe5 21. dxe5 {
followed by g4, and f5 and e6 are coming quite fast!}) 20. f4 f5 21. Nd1 $2 {
A huge strategic mistake. I just overestimated the present pawn structure and
it seems I forgot to clean my glasses when I looked at the exf6 move.} (21.
exf6 Qxf6 22. Ng4 {followed by Ne5, f5, with a huge advantage.}) 21... Ne6 22.
Ne3 (22. Nf3 {first makes more sense.}) 22... Rf8 (22... Qh4 $5 23. Nc2 (23.
Rf3 $2 Nxd4 $17) 23... Rac8 24. Rf2 {followed by Nf1 and White is very
slightly better, nothing more.}) 23. g3 Rad8 24. b4 (24. Rc1 {to stop ...b6
should be better.}) 24... b6 25. axb6 axb6 26. Rd1 (26. Nf3 $1 {was the only
move to keep some pressure:} c5 (26... Bh5 27. Nh4 $1 {poses serious problems
since nobody wants to play ...g6 with a bishop on h5!}) (26... Be8 27. Ra1 $1
c5 28. bxc5 bxc5 29. Ra5 $1 {and Black has problems.}) 27. bxc5 bxc5 28. Rc1 c4
29. Rb1 {and White is still a bit better, I think.}) 26... Be8 (26... c5 $1 {
worked:} 27. dxc5 bxc5 $1 (27... d4 28. Nc4 bxc5 29. Nd6 $16) 28. Nxd5 Qa7 $1 {
which I missed, was fine for Black.}) 27. Rc1 $6 {The last move giving up any
kind of advantage.} (27. Nf3 {with the idea of} Bh5 28. Rc1 {was way more
logical. White is probably still very (very) slighly better, but in time
trouble I thought I can never let my opponent exchange his bishop.}) 27... c5
28. dxc5 (28. bxc5 bxc5 29. Nf3 c4 30. Rb1 Qc7 {and thanks to the bishop on e8
Black is fine (...Bc6 next).}) 28... bxc5 29. bxc5 d4 30. Ng2 Bc6 $1 {Black
remains temporarily a pawn down, but the compensations are clearly sufficient.}
(30... Nxc5 $6 31. Qb4 $36) 31. Nf3 d3 32. Kh2 Nd4 $2 {A huge mistake. I guess
comparable to my Nd1-move! Actually maybe even worse, especially since the
last mistake is always the worst :) Indeed, Black's knight was a very
important piece while White's knights were almost embarrassing each other.} ({
Here there was an immediate draw:} 32... Bxf3 33. Rxf3 Nxc5 34. Qb4 Qb7 $1 $11)
({But of course a move like} 32... Qd7 {with the idea of ...Be4 and ...Qc6 was
clearly enough to hold the position, or even more!}) 33. Nxd4 Rxd4 34. Ne3 Qe6
35. Ra1 {White wants to play Ra6.} Ra8 36. Rxa8+ Bxa8 37. Rb1 $1 Be4 $6 (37...
Bc6 38. Rb6 {with a huge advantage.}) 38. Rb8+ Kf7 39. Rb6 {Black's position
collapses.} Qc8 (39... Bc6 40. Nxf5 Ra4 $1 {(missed by both players, I suppose)
} (40... Qxf5 $2 41. Rxc6 Rc4 $2 42. Qa2 $18) 41. Nd6+ Ke7 42. Rxc6 Ra2 43.
Rc7+ Kf8 44. Rc8+ Ke7 45. Re8+ Kd7 46. c6+ Kxc6 47. Rxe6 Rxd2+ 48. Kg1 Kd5 49.
Re8 $18 {For example :} Rb2 (49... Re2 50. Kf1 $18) 50. Rd8 d2 51. Nb5+ Kc4 52.
Na3+ Kb4 53. Kf1 Kxa3 54. Ke2 $18) 40. Qa2+ {A pleasant 40th move!} (40. e6+ $5
{followed by Qc3 would also win instantly for some reason the engine can find.}
) 40... Kf8 41. c6 $1 d2 (41... Bxc6 42. Qa3+ $18 {followed by Qc5 or Qc3.})
42. Rb7 (42. Qa3+ {was the other way:} Ke8 (42... Kg8 43. Qb3+ $18) (42... Kf7
43. Rb7+ Kg6 44. Qe7 $18) 43. Rb7 Qe6 (43... Qd8 44. c7 $18) 44. Rb8+ Rd8 (
44... Kf7 45. Qf8+ Kg6 46. Rb7 $18) 45. c7 Rc8 46. Qd6 Qd7 47. Qa6 $18) 42...
Qe8 (42... Bd5 43. Qa3+ Kg8 44. Qa7 $18 (44. Qe7 $5 Qf8 45. Rb8 $1 Qxb8 46. c7
$18)) 43. Qa3+ Kg8 44. Qb3+ Kf8 (44... Kh8 45. Rb8 Rd8 46. c7 Rc8 47. Qb5 Qg8
48. Rxc8 Qxc8 49. e6 $18) (44... Bd5 45. Nxd5 d1=Q 46. Nf6+ Kh8 47. Qxd1 Rxd1
48. Nxe8 $18) 45. Rb8 Rd8 46. c7 Rc8 47. Qb4+ (47. Nc4 Bd5 48. Qb4+ Kg8 49.
Qxd2 $18) 47... Kf7 48. Qc4+ Ke7 49. Qa6 Qd7 (49... d1=Q 50. Nxd1 Qd7 51. Qd6+
$18) 50. Qxc8 d1=Q 51. Qf8+ 1-0

[Event "UKR-ch"]
[Site "Simferopol"]
[Date "1990.??.??"]
[Round "?"]
[White "Panchenko, Alexandar G"]
[Black "Moskalenko, Viktor"]
[Result "1-0"]
[WhiteElo "2375"]
[BlackElo "2515"]
[Annotator "Ftacnik,L"]
[PlyCount "63"]
[EventDate "1990.??.??"]
[EventType "tourn"]
[EventRounds "11"]
[EventCountry "URS"]
[EventCategory "6"]
[SourceTitle "CBM 021"]
[Source "ChessBase"]
[SourceDate "1991.04.01"]
[SourceVersion "1"]
[SourceVersionDate "1991.04.01"]
[SourceQuality "1"]

1. d4 Nf6 2. Nf3 d5 3. c4 dxc4 4. e3 Bg4 5. Bxc4 e6 6. h3 Bh5 7. Nc3 Nbd7 8.
O-O Be7 9. Be2 O-O 10. e4 Nb6 (10... c5 11. d5 exd5 12. e5 Ne8 (12... Bxf3 $2
13. exf6 Bxe2 14. fxe7 Bxd1 15. exd8=Q $18) 13. Qxd5 $14) 11. Be3 Rc8 (11...
Bxf3 12. Bxf3 Nc4 13. Qb3 Nxe3 14. fxe3 $14) 12. Ne5 Bxe2 13. Qxe2 Nfd7 (13...
c5 14. Rfd1 cxd4 15. Bxd4 $14) 14. Rfd1 c6 (14... Nxe5 15. dxe5 Qe8 16. f4 $14)
15. Nxd7 Nxd7 (15... Qxd7 $5) 16. d5 $1 exd5 17. exd5 Re8 (17... cxd5 18. Nxd5
b6 19. Bxb6 $1 $18) 18. dxc6 Rxc6 (18... bxc6 19. Bxa7 Bc5 20. Qg4 Bxa7 21.
Rxd7 Qb6 22. Qf3 $16) 19. Qg4 Bd6 (19... Rd6 20. Rxd6 Bxd6 21. Rd1 Re6 22. Nb5
$16) 20. Nb5 $1 Ne5 $6 (20... Nf6 21. Qd4 Be7 22. Qxd8 Bxd8 23. Nxa7 $16) 21.
Qa4 Re6 (21... a6 22. Nxd6 Rxd6 23. Rxd6 Qxd6 24. Qxe8+ $18) 22. Nd4 $1 Qh4 (
22... Ra6 23. Nxe6) 23. Qxa7 Rg6 (23... Ra6 24. Qxb7 $18) 24. Qa8+ Bf8 25. Nxc6
Nxc6 (25... Qxh3 26. Ne7+) (25... bxc6 26. Bc5 Nf3+ 27. Kh1 $18) 26. Bc5 Rxg2+
27. Kxg2 Qg5+ 28. Kf1 Qxc5 29. Qxb7 Qc4+ 30. Kg1 Qe4 31. Rac1 Qg6+ 32. Kf1 {
Ftacnik,L} 1-0

[Event "Dos Hermanas"]
[Site "Dos Hermanas"]
[Date "1992.??.??"]
[Round "9"]
[White "Oll, Lembit"]
[Black "Bellon Lopez, Juan Manuel"]
[Result "1-0"]
[WhiteElo "2600"]
[BlackElo "2435"]
[Annotator "Ftacnik,L"]
[PlyCount "75"]
[EventDate "1992.05.??"]
[EventType "tourn"]
[EventRounds "9"]
[EventCountry "ESP"]
[EventCategory "10"]
[SourceTitle "CBM 031"]
[Source "ChessBase"]
[SourceDate "1992.12.01"]
[SourceVersion "1"]
[SourceVersionDate "1992.12.01"]
[SourceQuality "1"]

1. d4 Nf6 2. Nf3 d5 3. c4 dxc4 4. e3 Nbd7 5. Bxc4 Nb6 6. Bb3 Bf5 7. Nc3 e6 8.
h3 (8. O-O c6 9. Qe2 Nbd5 10. Ne5 Bd6 11. Rd1 Qc7 12. f3 O-O 13. Bd2 Nxc3 14.
Bxc3 Nd5 $10 {Gligoric,S-Bellon,M/Montilla/1978/}) 8... c6 9. Qe2 Nbd5 10. Ne5
Bb4 (10... Bd6 11. g4 $1) 11. Bd2 Qa5 (11... O-O 12. O-O $16) 12. O-O $1 (12.
Rc1 Ne4 $1 13. Nxe4 Bxe4 14. f3 Bg6 15. Bxb4 Qxb4+ 16. Qd2 Qxd2+ 17. Kxd2 f6
18. Nxg6 hxg6 $10) 12... Nxc3 13. bxc3 Bxc3 14. Nc4 Qb4 15. Bxc3 Qxc3 16. Nd6+
Kf8 $6 (16... Ke7 17. Nxb7 Bd3 $14) 17. Nxb7 $1 Bd3 18. Qe1 Ne4 19. Qxc3 Nxc3
20. Rfe1 $16 a5 $6 (20... Ke7 $16) 21. Nc5 Bg6 22. Rac1 Nd5 23. Nd7+ Ke7 24.
Ne5 Nb4 25. e4 (25. Nxc6+ Nxc6 26. Rxc6 a4 27. Bc4 Rhc8 28. Bb5 $16) 25... a4
26. Bc4 f6 27. Nxg6+ hxg6 28. d5 $1 cxd5 (28... exd5 29. exd5+ Kd7 30. dxc6+
Kxc6 31. a3 Nd5 32. Re6+ Kc5 33. Ba2+ $18) 29. exd5 e5 30. a3 Na6 31. Bd3 Rhd8
(31... g5 32. Rc6 Nb8 33. Rc7+ Kd6 34. Rxg7 $18) 32. f4 $1 e4 (32... Kf8 33.
fxe5 Rxd5 34. Be4 $18) 33. Rxe4+ Kf8 34. Rxa4 Nc7 35. Rxa8 Nxa8 36. Bxg6 Nb6
37. Be4 Ra8 38. Rc6 {Ftacnik,L} 1-0

[Event "Lloyds Bank Open-09"]
[Site "London"]
[Date "1985.??.??"]
[Round "?"]
[White "Wells, Peter K"]
[Black "Barua, Dibyendu"]
[Result "1-0"]
[WhiteElo "2365"]
[BlackElo "2445"]
[Annotator "Ftacnik,L"]
[PlyCount "57"]
[EventDate "1985.08.??"]
[EventType "swiss"]
[EventRounds "9"]
[EventCountry "ENG"]
[SourceTitle "MCL"]
[Source "ChessBase"]
[SourceDate "1999.07.01"]
[SourceVersion "1"]
[SourceVersionDate "1999.07.01"]
[SourceQuality "1"]

1. d4 d5 2. c4 dxc4 3. Nf3 Nf6 4. e3 g6 5. Bxc4 Bg7 6. O-O O-O 7. Nc3 Nfd7 8.
Qe2 Nb6 9. Bb3 Nc6 10. Rd1 Bg4 11. a3 Re8 $2 12. h3 $2 (12. Bxf7+ $142 Kxf7 13.
Ng5+ $18) 12... Bxf3 13. Qxf3 e6 14. Ne4 e5 15. d5 Na5 16. Ba2 Nac4 17. Bxc4
Nxc4 18. b3 Nd6 19. Bb2 Qh4 20. Nc5 Rad8 21. Rac1 a6 22. Qe2 e4 23. a4 Bxb2 24.
Qxb2 Qg5 25. Kh2 Nf5 26. Nxb7 Nh4 27. f4 exf3 28. Nxd8 Rxe3 29. Qh8+ 1-0

[Event "Interpolis-02"]
[Site "Tilburg"]
[Date "1978.09.10"]
[Round "8"]
[White "Portisch, Lajos"]
[Black "Miles, Anthony John"]
[Result "1-0"]
[WhiteElo "2630"]
[BlackElo "2565"]
[Annotator "Ftacnik,L"]
[PlyCount "121"]
[EventDate "1978.09.01"]
[EventType "tourn"]
[EventRounds "11"]
[EventCountry "NED"]
[EventCategory "14"]
[SourceTitle "MCL"]
[Source "ChessBase"]
[SourceDate "1999.07.01"]
[SourceVersion "1"]
[SourceVersionDate "1999.07.01"]
[SourceQuality "1"]

1. d4 d5 2. c4 dxc4 3. Nf3 Nf6 4. e3 Bg4 5. Bxc4 e6 6. Nc3 Nbd7 7. O-O Bd6 8.
h3 Bh5 9. e4 e5 10. Be2 O-O 11. dxe5 Nxe5 12. Nd4 Bxe2 (12... Bg6 $6 13. Bg5
Re8 $2 14. Ndb5 $16 {Portisch-Spassky, Genf m (8) 1977}) (12... Bc5 $5 13. Nb3
Qxd1 14. Bxd1 Bb6 15. a4 $1 $14 {Portisch-Miles, Las Palmas 1978}) 13. Qxe2 Ng6
14. Rd1 $6 (14. Bg5 $5) (14. Nf5 Be5 15. f4 $14) 14... Qc8 15. Bg5 Be5 16. Qe3
Nh5 17. Qf3 Nhf4 18. Nf5 Re8 19. h4 h6 20. Bxf4 Nxf4 21. Rd2 Qe6 22. Rad1 $14
Ng6 23. h5 Ne7 (23... Nf4 $5 $132) 24. Nd4 Qb6 25. Nde2 Qe6 26. g3 Nc6 27. Kg2
Rad8 28. Rxd8 Rxd8 (28... Nxd8 $6 29. Qe3 {Qa7/f4 +/-}) 29. Rxd8+ Nxd8 30. Qd3
Qd6 $2 (30... Nc6 $14) 31. Qxd6 Bxd6 32. f4 $16 c6 33. e5 Bc7 34. Nd4 g6 35.
hxg6 (35. Ne4 $5) 35... fxg6 36. Kf3 (36. g4 $2 g5) 36... Kf7 37. Ke4 {/\g4,
f5+-} (37. g4 $2 g5) 37... h5 38. f5 gxf5+ 39. Kxf5 Ke7 40. Nce2 $1 $18 {/\Nf4}
Nf7 41. Nf3 Nh6+ 42. Ke4 Ng4 43. Nf4 Nf2+ 44. Kf5 (44. Kd4 $2 Bb6+ 45. Kc4 Be3
$1 $13) 44... Nd1 45. Nxh5 Nxb2 46. g4 Nc4 47. g5 Ne3+ 48. Ke4 Nd5 49. Nf6 Ke6
50. Nd4+ Kf7 51. Nxd5 cxd5+ 52. Kxd5 Bd8 53. Nf3 $1 (53. e6+ $2 Kg6 54. Kd6
Kxg5 55. e7 Bxe7+ 56. Kxe7 Kf4 $13) 53... Be7 54. Ke4 Kg6 55. Kf4 b5 56. Nh4+
Kf7 (56... Kh5 57. g6 $18) 57. g6+ Ke6 58. g7 Kf7 59. Nf5 Ba3 60. e6+ Kg8 61.
Kg5 1-0

[Event "St Petersburg op"]
[Site "St Petersburg"]
[Date "1994.??.??"]
[Round "2"]
[White "Yakovich, Yuri"]
[Black "Karpeshov, Oleg Mikhailovich"]
[Result "0-1"]
[WhiteElo "2520"]
[BlackElo "2365"]
[Annotator "Ftacnik,L"]
[PlyCount "56"]
[EventDate "1994.02.??"]
[EventType "swiss"]
[EventRounds "9"]
[EventCountry "RUS"]
[SourceTitle "CBM 041"]
[Source "ChessBase"]
[SourceDate "1994.08.01"]
[SourceVersion "1"]
[SourceVersionDate "1994.08.01"]
[SourceQuality "1"]

1. d4 d5 2. c4 dxc4 3. Nf3 Nf6 4. e3 g6 5. Bxc4 Bg7 6. O-O O-O 7. Nc3 c5 8. d5
(8. Qb3 cxd4 9. Nxd4 a6 10. Rd1 Qc7 11. Bd2 e5 12. Nde2 b5 $6 13. Bd5 $1 Nxd5
$2 14. Nxd5 Qb7 15. Bb4 Re8 16. Ne7+ $1 Kh8 (16... Rxe7 17. Rd8+ Bf8 18. Bxe7
Qxe7 19. Rxc8 $18) 17. Qxf7 {Gruenberg,HU-Grottke,HJ/DDR-ch Zittau/1989/1-0 
(17)}) 8... Bg4 9. Be2 Bxf3 10. Bxf3 Nbd7 11. e4 Ne8 (11... a6 12. Re1 Qc7 13.
Bg5 h6 14. Bh4 Ne5 15. Be2 g5 16. Bg3 b5 17. Bf1 Nfd7 18. Qd2 $14 {Taimanov,
M-Portisch,L/Leningrad/1959/}) 12. Bf4 Nd6 13. Rc1 Qa5 14. Re1 Ne5 15. Be2 h6 (
15... b5 $5 $132) 16. b3 Qb4 (16... Nf3+ $6 17. Bxf3 Bxc3 18. Re2 Bg7 19. e5
$16) 17. Bf1 Rfc8 18. Bd2 Qd4 19. Qe2 (19. Be3 Qxd1 20. Rexd1 f5 $36) 19... g5
20. Rc2 (20. a3 Ng6) 20... c4 21. Rec1 b5 $6 (21... cxb3 22. axb3 Qb6 $13) 22.
Be3 Qd3 23. Qh5 (23. Qe1 cxb3 24. axb3 Rxc3 25. Rxc3 (25. Bxd3 Nxd3 26. Qf1
Nxc1 27. Rxc3 Bxc3 28. Qxc1 b4 29. f3 a5 $13) 25... Qxe4 26. Rc5 a6 27. f3 Qg6
$14) 23... b4 24. Bxd3 (24. bxc4 Qxc3 25. Rxc3 bxc3 26. Rxc3 Nexc4 27. Rb3 Nxe4
$14) 24... cxd3 25. Ne2 $2 (25. f4 $1 dxc2 (25... Ng6 26. Rd2 bxc3 27. Rxd3
gxf4 $16) 26. fxe5 Rxc3 27. Bd2 $16) 25... dxc2 26. Nd4 Nd3 27. Rxc2 Bxd4 28.
Rxc8+ (28. Qe2 Bxe3 29. fxe3 Ne5 $19) 28... Rxc8 0-1

[Event "Interpolis-01"]
[Site "Tilburg"]
[Date "1977.10.01"]
[Round "7"]
[White "Balashov, Yuri S"]
[Black "Miles, Anthony John"]
[Result "0-1"]
[WhiteElo "2565"]
[BlackElo "2555"]
[Annotator "Ftacnik,L"]
[PlyCount "74"]
[EventDate "1977.09.23"]
[EventType "tourn"]
[EventRounds "11"]
[EventCountry "NED"]
[EventCategory "14"]
[SourceTitle "MCL"]
[Source "ChessBase"]
[SourceDate "1999.07.01"]
[SourceVersion "1"]
[SourceVersionDate "1999.07.01"]
[SourceQuality "1"]

1. d4 d5 2. c4 dxc4 3. Nf3 Nf6 4. e3 Bg4 5. Bxc4 e6 6. Nc3 (6. Qb3 Bxf3 7. gxf3
Nbd7 8. Qxb7 c5 9. dxc5 Bxc5 10. Nc3 O-O 11. f4 Nb6 12. Be2 Nfd5 $44 {
Quinteros-Miles/IBM/1977}) 6... Nbd7 (6... a6 7. h3 Bh5 8. O-O Nc6 {Pe5 Najdorf
} 9. Be2 Bd6 10. b3 (10. a3 {Pb4 Ivkov}) 10... O-O 11. Bb2 Qe8 {Smyslov} 12.
Nd2 $1 Bxe2 13. Qxe2 e5 14. d5 Nb4 $14 {P 15.e4 c2 16. ac1 d4 Najdorf} (14...
Ne7 $14 {Najdorf} 15. e4 Nd7 16. Rac1 f5 17. exf5 Qf7 18. Nde4 Nxf5 19. Nxd6
cxd6 20. Ne4 $1 Qxd5 21. Rc7 $16 {Reshevsky-Barczay/Sousse/1967}) 15. Nc4 $1
Nbxd5 16. Nxd5 Nxd5 17. Rfd1 Qe6 18. Nxd6 Qxd6 (18... cxd6 19. Qc4 $1 $18 {
Najdorf}) 19. Qc4 (19. Qf3 e4 20. Qxe4 c6 $10 {Najdorf}) (19. e4 $2 Nf4 $1 {
Najdorf}) 19... Nb6 20. Qe4 Qe6 21. Qxb7 Rfc8 22. Rac1 c5 (22... Qe7 $142 {
Najdorf}) 23. Rxc5 f6 (23... Rxc5 24. Qxa8+ $18 {Najdorf}) 24. Rxc8+ Rxc8 25.
Qxa6 Rc2 26. Qb7 {1-0 Najdorf,M-Ivkov,B (2)/Santa Monica_2nd Piatigorsky Cup
1966}) 7. h3 Bh5 8. Be2 Bd6 9. O-O (9. e4 e5 $2 (9... Bb4 10. e5 Nd5 11. Qb3 c5
12. O-O Bxc3 13. bxc3 Qb6 $1 $10 {Gligoric-Matulovic/Novi Sad/1976}) 10. dxe5
Nxe5 11. Nxe5 Bxe2 12. Qxe2 Bxe5 13. Qb5+ $18) 9... O-O 10. e4 e5 11. dxe5 (11.
d5 Bg6) 11... Nxe5 12. Nxe5 Bxe2 13. Qxe2 Bxe5 14. Bg5 Qe8 $1 $10 {Miles} (
14... h6 $6) 15. Rfe1 (15. Bxf6 Bxf6 16. Nd5 Bd8 {Pc6=}) 15... Bxc3 $5 16. bxc3
Qe5 17. Qe3 Rfe8 (17... Nxe4 $4 18. Bf4 $18) 18. f3 h6 19. Bf4 Qa5 {P d5} 20.
Qd4 Rad8 21. Qc4 (21. Qb4 $5 Qb6+ $5) 21... c6 22. Rab1 $6 (22. Rad1 $142 Rxd1
23. Rxd1 Rd8 $10) 22... Rd7 {Miles offered a draw.} 23. Be3 $2 (23. Red1 $142)
23... Red8 $15 24. Bd4 $2 Nh5 {P f4, g5} 25. Be3 Qe5 26. Qc5 Qxc5 27. Bxc5 Rd2
$1 {Miles} 28. Rxb7 Rxa2 29. Rxa7 Rc2 $1 {P dd2} 30. Be3 Rb8 (30... Rd3 $5) 31.
g4 $2 $138 (31. Ra5 $8 g5 32. Kh2 Rbb2 (32... Rxc3 $142 33. Rc5 Rbb3 $36) 33.
Rg1 {P e5, h4}) 31... Ng3 32. Bf2 $2 (32. Bf4 Rbb2 33. Bxg3 Rg2+ 34. Kf1 Rxg3
35. Re3 Rxh3 36. Kg1 g6 $1 {Ph5-h4-h3}) 32... Ne2+ 33. Kf1 Rbb2 $19 34. Raa1
Nf4 (34... Nxc3 35. Bd4 Rh2 36. Kg1 Rbg2+ 37. Kf1 Ne2 $19) 35. Bg3 Ng2 36. c4
Nxe1 37. Bxe1 Rb3 0-1

[Event "Helsinki op"]
[Site "Helsinki"]
[Date "1992.??.??"]
[Round "9"]
[White "Ehlvest, Jaan"]
[Black "Fominyh, Alexander"]
[Result "1-0"]
[WhiteElo "2635"]
[BlackElo "2530"]
[Annotator "Ftacnik,L"]
[PlyCount "79"]
[EventDate "1992.09.??"]
[EventType "swiss"]
[EventRounds "9"]
[EventCountry "FIN"]
[SourceTitle "CBM 032"]
[Source "ChessBase"]
[SourceDate "1993.02.01"]
[SourceVersion "1"]
[SourceVersionDate "1993.02.01"]
[SourceQuality "1"]

1. d4 d5 2. c4 dxc4 3. Nf3 Nf6 4. e3 Bg4 5. Bxc4 e6 6. Qb3 Bxf3 7. gxf3 Nbd7 8.
Nc3 Nb6 9. Be2 g6 $146 (9... c5) 10. Ne4 $1 $14 Be7 11. Bd2 Qd5 12. Qc2 Rc8 13.
O-O O-O 14. Rac1 (14. Bb4 $5 c5 $1 15. Nxc5 Nbd7 $132) 14... Nbd7 15. b4 c6 16.
Kh1 Qh5 17. Ng3 $1 Qd5 18. a4 a6 19. Rg1 $1 Rfd8 20. Ne4 Qh5 21. Be1 Nd5 22.
Nc5 Rc7 (22... Rb8 $5) 23. f4 Qh6 24. Bd2 Qh4 25. Rg2 $1 N7f6 26. Rcg1 Kh8 27.
Bf3 Bf8 28. Nd3 Nd7 29. e4 N5f6 30. Ne5 $1 Kg8 (30... Nxe5 31. fxe5 Nd7 32. Bg5
$18) 31. f5 Nxe5 (31... Bh6 32. Bxh6 Qxh6 33. fxg6 hxg6 34. Nxg6 $18) 32. dxe5
Rxd2 (32... Nd7 33. Bg5 $18) 33. Qxd2 Nxe4 34. Bxe4 Qxe4 35. Qd8 Qxe5 36. f6 $1
Qd6 37. Rd1 Qxd8 38. Rxd8 c5 (38... h6 39. f4 c5 40. Rgd2) 39. Rg1 cxb4 40.
Rgd1 (40. Rgd1 b3 41. Rxf8+ $1) 1-0

[Event "Tel Aviv super 1st"]
[Site "Tel Aviv"]
[Date "1999.05.11"]
[Round "1"]
[White "Gelfand, Boris"]
[Black "Zilberman, Yaacov"]
[Result "1-0"]
[WhiteElo "2691"]
[BlackElo "2513"]
[Annotator "Gelfand,B"]
[PlyCount "53"]
[EventDate "1999.05.11"]
[EventType "tourn"]
[EventRounds "9"]
[EventCountry "ISR"]
[EventCategory "14"]
[SourceTitle "CBM 071"]
[Source "ChessBase"]
[SourceDate "1999.08.01"]
[SourceVersion "1"]
[SourceVersionDate "1999.08.01"]
[SourceQuality "1"]

1. d4 d5 2. c4 dxc4 3. e3 Be6 4. Nf3 Nf6 5. Nc3 c6 6. Ng5 Qd7 $6 $146 7. e4 $5
(7. Nxe6 Qxe6 8. Qe2 Nbd7 (8... b5 9. a4) 9. Qxc4 Qxc4 10. Bxc4 e5) 7... h6 (
7... b5 8. Be2 Bg4 9. e5 Bxe2 10. Qxe2 Nd5 11. e6) 8. Nxe6 Qxe6 9. e5 Nd5 $2 (
9... Nfd7 10. Be2) (9... Nbd7 10. Be2 (10. Qe2 Nd5 11. Qxc4 $14) 10... Nd5 11.
O-O h5 12. Ne4 $1 $44 (12. Bxh5 Nxe5 $5)) 10. Bxc4 Qd7 (10... Nxc3 11. Qb3 Nd5
12. Qxb7) 11. O-O e6 12. Ne4 (12. Nxd5 cxd5 13. Bd3 Nc6 14. Be3 g6 $14) 12...
Nb6 13. b3 (13. Be2 Be7 $14) 13... Na6 $2 (13... c5 14. dxc5 Qxd1 15. Rxd1 Nxc4
16. bxc4 Nd7 17. Rb1 b6 $5 (17... Nxc5 18. Nxc5 Bxc5 19. Rxb7 O-O $14)) 14.
Bxa6 bxa6 $16 15. Be3 (15. Qg4 $5 h5 16. Qd1) 15... Be7 16. Qg4 g6 17. Qe2 Qb7
(17... Qd5 18. Nc3 Qa5 19. Rac1) 18. Qd2 Rd8 19. Rac1 (19. Bxh6 c5 20. Nd6+
Bxd6 21. exd6 Rxd6 $132) 19... Nd5 (19... Nd7 20. Bxh6 Nxe5 21. Bg7 Rh5 22. Ng3
$18) 20. Rc4 (20. Bxh6 Bb4 21. Qg5 Be7) 20... g5 (20... Nxe3 21. fxe3 $16) 21.
f4 (21. Qe2) 21... gxf4 (21... g4 22. f5 exf5 23. Rxf5 Qd7 24. Rf1 Qe6 25. Ng3)
22. Bxf4 Qd7 23. Bxh6 $1 $18 Rh7 (23... Nb6 24. Qf4 Rh7 (24... Rc8 25. Bg7) 25.
Qg3) 24. Bg5 (24. Qf2 $5) 24... Kf8 (24... Nb6 25. Bxe7 Nxc4 26. Nf6+ Kxe7 27.
Qb4+) 25. Bxe7+ Qxe7 26. Qg5 Rg7 (26... Rh4 27. Nf6) 27. Qh6 1-0